| 000 | 02898nas0a22006011 4500 | ||
|---|---|---|---|
| 001 | RU\NLR\DRGNLR\2104 | ||
| 005 | 20160329111516.0 | ||
| 035 | _a(NLR Aleph) 010310676 | ||
| 090 |
_a10636021 _c10636021 |
||
| 100 | _a20260118 rusy50 | ||
| 101 | 0 | _arus | |
| 102 | _aRU | ||
| 110 | _acya|||||||| | ||
| 200 | 1 |
_aКазанский биржевой листок _eГаз. обществ., полит., лит. и коммер. _fРед.-изд. С.А.Гисси |
|
| 207 | 1 | _a1868, 1 дек - 1892, 27 мая | |
| 210 |
_aКазань _d1868 - 1892 |
||
| 311 | _aТакже изд. газ.: в 1882 - 1884 - "Городской лист ок" (см. ), в 1885 - 1886 - "Казанские новости" (см. ) | ||
| 421 | 0 |
_aТелеграмма: [Цены на С.-Петербургской бирже] _12001 |
|
| 488 | 0 |
_aГородской листок _12001 |
|
| 488 | 0 |
_aКазанские новости _12001 |
|
| 540 | 1 | _aКазанский биржевой листок | |
| 702 | 1 |
_aГисси _bС.А. _gСергей Антонович _4650 |
|
| 801 | 0 |
_aRU _bNLR _c20080514 _gPSBO _2gzdor_isis |
|
| 801 | 2 |
_aRU _bNLR _c20080514 _gPSBO _2rusmarc |
|
| 852 |
_aNLR _j1-Р/1-К-19 |
||
| 942 | _cNEWSPAPER | ||
| 980 | _aNB | ||